Comportamiento organizacional /

Obra que desarrolla el enfoque sistémico aplicado al entendimiento del comportamiento organizacional. Los temas que revisa son: el individuo, el grupo, el sistema organizacional, y la dinámica organizacional.

Guardado en:
Detalles Bibliográficos
Autor principal: Robbins, Stephen P. (autor)
Formato: Libro
Idioma:Español
Publicado: México : Prentice-Hall, 1999, c1999
Edición:4a edición
Temas:
Etiquetas: Agrega una etiqueta
Sin etiquetas, Sé el primero en etiquetar este registro!

MARC

LEADER 00000nam^a2200000^a^4500
001 000108386
005 20250521000000.0
009 20260310093645.95
020 |a 970-17-0236-0 
037 |a Acervo ITESO - Biblioteca 
041 |a ESP 
082 |a 658. 4063  |b ROB 
100 |a Robbins, Stephen P.  |e (autor) 
240 1 1 |a [Comportamiento organizacional, de Stephen P. Robbins] 
245 1 0 |a Comportamiento organizacional /  |c S.P. Robbins ; tr. por Alberto Santiago Fernández Molina. 
250 |a 4a edición 
264 4 |a México :  |b Prentice-Hall,  |c 1999, c1999 
300 |a 675, [115] p. +  |e 1 disco compacto de computadora 
336 |a texto  |b txt  |2 rdacontenido 
337 |a sin mediación  |b n  |2 rdamedio 
338 |a volumen  |b nc  |2 rdasoporte 
500 |a Traducción de: Organizational Behavior: Concepts, Controversies, Aplications 
520 |a Obra que desarrolla el enfoque sistémico aplicado al entendimiento del comportamiento organizacional. Los temas que revisa son: el individuo, el grupo, el sistema organizacional, y la dinámica organizacional. 
590 |a Traducción de la 8a edición en inglés 
649 |a XX 
650 |a Comportamiento Organizacional 
650 |a Desarrollo Organizacional 
650 |a Cultura Organizacional 
650 |a Motivación Laboral 
650 |a Recursos Humanos 
650 |a Psicología Laboral 
650 |a Ciencias Administrativas 
910 |a Fondo General 
920 |a Impresos - Libros 
930 |a Colección General 
905 |a 101 
901 |a 0500068978  |b IT1  |c ACC  |u 20250521 
901 |a SFW0001392  |b IT2  |c SWS  |u 20250521 
901 |a SFW0001369  |b IT2  |c SWS  |u 20250521 
901 |a SFW0001370  |b IT2  |c SWS  |u 20250521 
901 |a SFW0001393  |b IT2  |c SWS  |u 20250521 
902 |a https://opac.biblio.iteso.mx/vufind/Record/000108386